Soffie - Für immer Frühling (lyrics) - Statistiken

Allgemein
  • Dieses Quiz wurde 135 mal gespielt
  • Das Durchschnittsergebnis liegt bei 170 aus 232
Antwortstatistiken
Antwort % Korrekt
für
100%
(Für
100%
im
100%
in
100%
In
100%
mei'm
100%
Frühling
99%
Frühling)
99%
immer
99%
dem
98%
ist
98%
Ist
98%
la
98%
la,
98%
La-la-la,
98%
La-la-la-la-la,
98%
la-la-la-la-la
98%
la-la-la-la-la-la,
98%
la-la-la-la-la-la
98%
laut)
98%
Land,
97%
Land
97%
einem
95%
Ich
93%
ich
93%
und
91%
Und
91%
Von
91%
von
91%
es
90%
kein
87%
keine
86%
gibt
85%
da
84%
Hummer
83%
der
82%
geträumt
81%
hab'
81%
Hab'
81%
Keiner
80%
Kaviar
78%
Überfluss
78%
kalt
77%
alle
74%
Alle
74%
niemandem
73%
Hier
72%
hier,
72%
hungert,
72%
zu
70%
die
69%
mehr
68%
alt
65%
das
65%
Das
65%
so
65%
(So
65%
zum
65%
neulich
63%
Vanilleeis
63%
sterben
62%
Träum'
62%
Boot,
61%
ein'n
61%
Mittelmeer
61%
Nachtisch,
61%
am
59%
sind
59%
sinkt
59%
Platz
57%
Tisch,
57%
denn
56%
du
56%
Du
56%
an
55%
was
55%
(Was
55%
diesem
54%
Flaggen
54%
geh'n,
54%
jeder
54%
Sommer
54%
fühl'
52%
fühl')
52%
sag
51%
weißen
51%
Winter
51%
komm'n
50%
nicht
50%
sagen,
49%
Angst
48%
willkomm'n,
47%
Darf
46%
Kinder
46%
wenn
46%
einfach
45%
Macht,
45%
mir
45%
noch
45%
rosarot
45%
Stoff,
45%
trübe
45%
bin,
44%
kühler
43%
Soll,
43%
brauchst
41%
Himmel
41%
auf
40%
davon
40%
Rotkarierter
40%
träume
40%
blau
39%
nenn'
38%
Freiheit
37%
Heimat
37%
Sonne
37%
Zunge,
36%
Herz
35%
nennst
35%
hohen
34%
leer
33%
Mauern
33%
Utopie,
33%
grüner
32%
nur
32%
abends
31%
Bett
31%
einschlaf'
31%
Haut
31%
Waffenspeicher
31%
bis
27%
voll,
27%
Revolutionierte
24%
Karmakonto
22%
(Sing
20%
wohnt
17%
Keine übereinstimmenden Quizze gefunden
Verteilung der Resultate
Anzahl Personen mit jedem Resultat
Perzentil nach korrekt beantworteten Fragen
Ihre Resultats-Entwicklung
Sie haben dieses Quiz noch nicht gespielt